Nick's Common Cartoon Knowledge Quiz #1 - Statistics

General Stats
  • This quiz has been taken 105 times
  • The average score is 9 of 24
Answer Stats
Hint Answer % Correct
He is always chasing Jerry. Tom
90%
Who was made from sugar, spice and everything nice? The Powerpuff Girls
81%
Toddlers who go on adventures Rugrats
76%
Character always looking for a pic-a-nic basket. Yogi Bear
64%
Frycook who is always ready. Spongebob Squarepants
63%
Tiny organism that is trying to steal a secret food recipe Plankton
55%
Popeye's girlfriend Olive Oyl
52%
Sidekick to the above character Boo Boo
51%
Nerd who is always losing her glasses Velma Dinkley
49%
Unlikely trio of friends always looking for jawbreakers. Ed, Edd, N Eddy
46%
He works at Spacely Space Sprockets George Jetson
37%
Shy kid who can't live without his blankey Linus van Pelt
33%
"A baby's gotta do what a baby's gotta do!" Tommy Pickles
32%
First couple shown in bed together on primetime TV. Fred and Wilma Flintstone
27%
Who forgets to take the left turn at Albuquerque? Bugs Bunny
25%
Is always referred to as Shortman by his grandpa Arnold Shortman
23%
Company that is known for their dysfunctional products Acme
22%
The most wonderful thing about him is that he's the only one. Tigger
22%
Actor that voiced Shaggy Casey Kasem
19%
Who says that alcohol is the cause of and solution to all of life's problems? Homer Simpson
16%
Shaggy Roger's real name. Norville "Shaggy" Rogers
13%
"Heavens to Murgatroyd!" Snagglepuss
12%
First animated TV show to win an Emmy Huckleberry Hound
4%
Refers to himself as a super genius. Wile E Coyote
4%
No matching quizzes found
Score Distribution
Percent of People with Each Score
Percentile by Number Answered
Your Score History
You have not taken this quiz